Trends in corporate education and training /

Bibliographic Details
Main Author: Lusterman, Seymour
Format: Book
Language:English
Published: New York, N.Y. : Conference Board, [1985]
Series:Conference Board report ; no. 870.
Subjects:

MARC

Tag First Indicator Second Indicator Subfields
LEADER 00000cam a2200000 a 4500
001 in00000380577
005 20151011112347.0
008 851008s1985 nyu 00010 eng d
020 |a 0823703118 (pbk.) 
035 |a (OCoLC)12644413 
035 |9 ABR8310AM 
040 |a USP  |c USP  |d IXA  |d TXA  |d UtOrBLW 
043 |a n-us--- 
049 |a TXAM  |c [A08583423] 
090 |a HF5549.5.T7  |b L88 1985 
100 1 |a Lusterman, Seymour. 
245 1 0 |a Trends in corporate education and training /  |c by Seymour Lusterman. 
264 1 |a New York, N.Y. :  |b Conference Board,  |c [1985] 
264 4 |c ©1985 
300 |a vii, 23 pages ;  |c 28 cm. 
336 |a text  |b txt  |2 rdacontent 
337 |a unmediated  |b n  |2 rdamedia 
338 |a volume  |b nc  |2 rdacarrier 
490 1 |a Conference Board report ;  |v no. 870 
500 |a "A research report from the Conference Board." 
650 0 |a Employees  |x Training of  |z United States. 
650 0 |a Organizational change  |z United States. 
830 0 |a Conference Board report ;  |v no. 870. 
999 |a MARS 
999 f f |s 7eb0055c-b9c1-31c1-a118-a615a8ce72ab  |i ea65012d-a2c5-3fe2-a39e-768ab20d5700  |t 0 
952 f f |p ric  |a Texas A&M University  |b Rellis Campus  |c Joint Library Facility  |d Remote Storage  |t 0  |e HF5549.5.T7 L88 1985  |h Library of Congress classification  |i unmediated -- volume  |m A14808583423 
998 f f |a HF5549.5.T7 L88 1985  |t 0  |l Remote Storage